000 00401nam a2200157 4500
001 122345
003 ES-MaACL
005 20230906191946.0
007 t|
008 070214s1973 sp r ||||1| spa d
100 1 _aPoveda, D.
_993480
245 1 0 _aCreatividad y teatro /
_cD. Poveda.
260 _aMadrid :
_bNarcea,
_c1973.
300 _a166 p. ;
_c19 cm.
852 _aES-MaACL
_jC-54952
_bR.87637
999 _c122345
_d122345